000 00210nam a22000857a 4500
008 170228b xxu||||| |||| 00| 0 eng d
100 _92962
_aSood.R
245 _aInformatin Technlogy X
260 _aNew Delhi
_bAP
_c2011
999 _c6206
_d6206